Statistics for European Countries With North Sea Coastline

Click here to take the quiz!

General Stats

  • This quiz has been taken 43 times
    (8 since last reset)
  • The average score is 6 of 7

Answer Stats

Answer% Correct
Norway
100%
Denmark
100%
Germany
86%
Netherlands
86%
Sweden
86%
Belgium
71%
France
71%

Score Distribution

Percentile by Number Answered

Percent of People with Each Score

Your Score History

You have not taken this quiz since the last reset